Pendidikan Islam PMR

Bibliographic Details
Other Authors: Rosnani Rifin
Format: Book
Published: Selangor : PNI Neuron (M) Sdn. Bhd , 2008
Series:Masteri memori melalui peta minda
Subjects:

MARC

LEADER 00000cam a2200000 7i4500
001 0000022069
005 20080725.0
008 080725
020 |a 9831936787 
090 0 0 |a 297.0712   |b REL 
245 1 0 |a Pendidikan Islam PMR   |c Junaidah Salehudin ...[et al.] 
260 |a Selangor :   |b PNI Neuron (M) Sdn. Bhd ,   |c 2008 
440 |a Masteri memori melalui peta minda 
650 0 |a Islamic education 
650 0 |a Islam   |x Examinations   |x Study guides 
650 0 |a Islam   |x Textbooks 
650 0 |a Science   |x Education   |x Curricula 
700 0 |a Rosnani Rifin 
999 |a 0001035397   |b Book   |c Teenagers   |e Perbadanan Perpustakaan Awam Johor 
999 |a 0001035399   |b Book   |c Teenagers   |e Perbadanan Perpustakaan Awam Johor 
999 |a 0001035400   |b Book   |c REFERENCE   |e Perbadanan Perpustakaan Awam Johor 
999 |a 0001035401   |b Book   |c Teenagers   |e Perbadanan Perpustakaan Awam Johor